000 00414nam a2200169 a 4500
001 0000-8865
003 ELIB.Books
008 110520 1973
035 _a(ELIB.Books)0000-9011
082 _a252
_bGil
100 _aGill, Theodore A.
245 _aTo God be the Glory
260 _bNashville: Abingdon Press
_c1973
650 _aSermons
942 _2ddc
_cBK
998 _cbat
_e2011-05-20
999 _c8865
_d8865